La decisión es nuestra: 8º Básico, manual para profesores. Programa de prevención del consumo de drogas y alcohol 7º Básico a IVº Medio.
Wedi'i Gadw mewn:
| Awduron Corfforaethol: | , |
|---|---|
| Fformat: | Llyfr |
| Iaith: | Sbaeneg |
| Cyhoeddwyd: |
Santiago, Chile
SENDA
2016
|
| Rhifyn: | 1a. ed |
| Pynciau: | |
| Tagiau: |
Ychwanegu Tag
Dim Tagiau, Byddwch y cyntaf i dagio'r cofnod hwn!
|
MARC
| LEADER | 00000cam a2200000 a 4500 | ||
|---|---|---|---|
| 001 | UCC0633 | ||
| 003 | CL-VaPUC | ||
| 005 | 20230623074149.0 | ||
| 008 | 170825e20160000cl |||||||||||||||||spa|d | ||
| 999 | |c 369407 |d 369405 | ||
| 020 | |a 9789569141348 | ||
| 040 | |c Pontificia Universidad Católica de Valparaíso | ||
| 082 | 0 | 4 | |a 371.784 SEN 2016 |2 21 |
| 110 | 2 | |a SENDA |9 594621 | |
| 245 | 1 | 0 | |a La decisión es nuestra: 8º Básico, manual para profesores. Programa de prevención del consumo de drogas y alcohol 7º Básico a IVº Medio. |
| 250 | |a 1a. ed | ||
| 260 | 0 | 3 | |a Santiago, Chile |b SENDA |c 2016 |
| 300 | |a 56 páginas | ||
| 500 | |a incluye: 76 fichas para estudiantes: sesión 2 Soy quien quiero ser. 40 fichas para estudiantes: sesión 3 Tejiendo mi red. 50 tarjetas sesión 5: ¡Yo? ¡Paso! 12 tarjetas sesión 4: ¡Hazte valer! | ||
| 583 | |a last modification |c 20170825 13:52:00 |k Rodrigo Vera | ||
| 650 | 0 | |a Rol del docente |9 329733 | |
| 650 | 7 | |a PREVENCION DE DROGAS |2 CL-VaPUC |9 419242 | |
| 650 | 0 | |a Abuso de drogas |9 254876 | |
| 650 | 0 | |a Alcoholismo |9 259651 | |
| 710 | 2 | |a Servicio Nacional para la Prevención y Rehabilitación del Consumo de Drogas y Alcohol |9 594622 | |
| 942 | |c BK |2 ddc | ||
| 945 | |d 20170825 13:52:00 |a dcastane | ||
| 952 | |0 0 |1 0 |2 ddc |3 erb |4 0 |6 371_784000000000000_SEN_2016 |7 0 |8 P |9 485173 |a BIBEDU |b BIBEDU |c BIBEDU_PB |i 5418518 |o 371.784 SEN 2016 |p 5418518 |r 2024-01-25 |t 1 |w 2019-11-24 |y BK |z Catalogado en:20170825 |k EDU | ||